000 00634nam a22002297a 4500
003 UA-OsUOA
001 89718
007 ta
008 20121109b un ||||| |||| 00| 0 ukr d
100 _aЗима О.
090 _a821.161.2
_bЗ-62
942 _cBK
040 _aUA-OsUOA
_bukr
_cUA-OsUOA
_dUA-OsUOA
245 _aДень на роздуми
_bнауково- фантаст. роман
300 _a326 с.
955 _a3
041 _aukr
080 _a821.161.2
260 _aК.
_bРад. письменник
_c1987
650 7 _a82 Література. Літературознавство
_2UDC
999 _c376001
_d376001